NBA 2025 Top 100 - Statistics

General Stats
  • This quiz has been taken 89 times
  • The average score is 73 of 100
Answer Stats
Hint Answer % Correct
Celtics Jaylen Brown
100%
Lakers LeBron James
100%
Warriors Stephen Curry
100%
Mavericks Anthony Davis
99%
Bucks Giannis Antetokounmpo
99%
Celtics Jayson Tatum
99%
76ers Joel Embiid
99%
Lakers Luka Doncic
99%
Nuggets Nikola Jokic
99%
Thunder 👑 Shai Gilgeous-Alexander
99%
Timberwolves Anthony Edwards
97%
Cavaliers Donovan Mitchell
97%
Spurs Victor Wembanyama
97%
Pistons Cade Cunningham
96%
Cavaliers Evan Mobley
96%
Knicks Jalen Brunson
96%
Grizzlies Ja Morant
96%
Rockets Kevin Durant
96%
Mavericks Kyrie Irving
96%
Thunder 👑 Jalen Williams
94%
Knicks Karl-Anthony Towns
94%
Clippers Kawhi Leonard
94%
Hawks Trae Young
94%
Suns Devin Booker
92%
Warriors Draymond Green
92%
Suns Jalen Green
92%
Pacers Tyrese Haliburton
92%
Pelicans Dejounte Murray
90%
Nuggets Jamal Murray
90%
Warriors Jimmy Butler
90%
Hornets LaMelo Ball
90%
Pelicans Zion Williamson
90%
Heat Bam Adebayo
89%
Kings Domantas Sabonis
89%
Pistons Jalen Duren
89%
Clippers James Harden
89%
76ers Tyrese Maxey
89%
Grizzlies Jaren Jackson Jr.
88%
Magic Paolo Banchero
88%
Pacers Pascal Siakam
88%
Magic Franz Wagner
86%
Heat Tyler Herro
86%
Rockets Alperen Sengun
85%
Cavaliers Darius Garland
85%
Thunder 👑 Chet Holmgren
83%
Bulls Coby White
83%
Spurs De'Aaron Fox
83%
Kings DeMar DeRozan
83%
Celtics Derrick White
83%
Lakers Austin Reaves
81%
Kings Zach LaVine
81%
Clippers Ivica Zubac
79%
Knicks Mikal Bridges
79%
Hornets Miles Bridges
79%
76ers Paul George
79%
FA Damian Lillard
78%
Knicks Josh Hart
78%
Timberwolves Julius Randle
76%
Nuggets Cameron Johnson
75%
Timberwolves Rudy Gobert
75%
Raptors Scottie Barnes
75%
Cavaliers Jarrett Allen
74%
Hawks Kristaps Porzingis
74%
Raptors Brandon Ingram
71%
Trailblazers Jrue Holiday
71%
Nuggets Aaron Gordon
69%
Jazz Lauri Markkanen
69%
Bucks Myles Turner
69%
Knicks OG Anunoby
68%
Thunder 👑 Isaiah Hartenstein
67%
Nets Michael Porter Jr.
67%
Magic Desmond Bane
64%
Bulls Nikola Vucevic
58%
Suns Bradley Beal
57%
Lakers Deandre Ayton
57%
Suns Dillon Brooks
56%
Magic Jalen Suggs
56%
Bulls Josh Giddey
56%
Clippers Norman Powell
56%
Spurs Stephon Castle
53%
Wizards C.J. McCollum
51%
Raptors R.J. Barrett
49%
Mavericks Daniel Gafford
44%
Timberwolves Jaden McDaniels
44%
Mavericks Dereck Lively II
43%
Jazz John Collins
43%
Celtics Payton Pritchard
42%
Hornets Collin Sexton
39%
Raptors Immanuel Quickley
39%
Trailblazers Deni Avdija
36%
Spurs Devin Vassell
36%
Raptors Jakob Poeltl
26%
Hawks Dyson Daniels
25%
Rockets Amen Thompson
24%
Hawks Jalen Johnson
18%
Pacers Andrew Nembhard
11%
Pelicans Trey Murphy III
8%
Hawks Onyeka Okongwu
7%
Nets Cameron Thomas
4%
76ers Quentin Grimes
4%
No matching quizzes found
Score Distribution
Percent of People with Each Score
Percentile by Number Answered
Your Score History
You have not taken this quiz